| 000 | 00564ngm a2200157 a 4500 | ||
|---|---|---|---|
| 005 | 20220527114841.0 | ||
| 008 | 991125s1986 mx 028 aaspa u | ||
| 035 | _aUPN01000023805 | ||
| 049 | _aAV | ||
| 050 | 4 | _aPVI no. 18-20 | |
| 245 | 0 | 0 |
_aExperimentos : _bPedro el temerario [videograbación] / _creal. Eduardo Meza; prod. Olga Elena Sánchez, Beatriz Ramos Berzunza. |
| 260 |
_aMéxico : _bSEP, Dirección General de Publicaciones y Medios : _bUTEC. _c1986. |
||
| 300 | _a1 cassete (Beta) (28 min.) | ||
| 650 | 2 |
_aAgua _xAnálisis _91019 |
|
| 905 | _aAudiovisuales | ||
| 999 |
_c23805 _d23805 |
||